000 00527nam a2200217Ia 4500
003 OSt
005 20250922173948.0
008 210423s2017 xx 000 0 und d
020 _a9788183765183
040 _cAL
041 _aEnglish
082 _a305.23
_bALAC
100 _aGajanafar Alam
_9119521
245 _aChild Sociology
260 _aNew Delhi
_bABD Publishers
_c2017
300 _aviii,280
_bHB
365 _b1900
_cINR
650 _aSocial Groups
_9119522
906 _aChild ; Sociology
942 _2ddc
_cBK
999 _c176602
_d176602